| 000 | 00494nam a2200217Ia 4500 | ||
|---|---|---|---|
| 008 | 170203s9999 xx 000 0 und d | ||
| 020 | _a0-590329944 | ||
| 050 | _aFic | ||
| 050 | _b.B711F 1996 | ||
| 100 | _aBond, Felicia | ||
| 245 | _aTumble Bumble / | ||
| 245 | _cFelicia Bond. | ||
| 260 | _aU.S.A : | ||
| 260 | _bScholastic Inc., | ||
| 260 | _c1996 | ||
| 300 | _bcol. ill. ; | ||
| 300 | _c25 cm. | ||
| 650 | _aAnimals-- | ||
| 650 | _aStories in rhyme. | ||
| 650 | _xFiction. | ||
| 999 |
_c305993 _d305993 |
||